| 000 | 01189 a2200229 4500 | ||
|---|---|---|---|
| 003 | UA-OsUOA | ||
| 005 | 20260513121046.0 | ||
| 008 | 260513b un ||||| |||| 00| 0 ukr d | ||
| 020 | _a5770758058 | ||
| 040 |
_aUA-OsUOA _bukr _cUA-OsUOA _dUA-OsUOA |
||
| 080 | _a323(477) | ||
| 090 |
_a323(477) _bЛ84 |
||
| 100 |
_aЛук`яненко Л. _925224 |
||
| 245 | _aНе дам загинуть Україні! | ||
| 260 |
_bВКЦ "Софія" _c1994 _aКиїв |
||
| 300 | _a512 с. | ||
| 520 | _aКнига політичного доробку, роздумів, інтерв'ю, листів відомого українського державного і політичного діяча Левка Лук'яненка зацікавить усіх, кому не байдужа доля нашої держави. У книзі чимало досі недрукованих фотографій. | ||
| 650 |
_a323 Внутрішні справи. Внутрішня політика _91859 |
||
| 942 |
_cBK _2udc |
||
| 955 | _a4 | ||
| 999 |
_c580694 _d580694 |
||